Úvod do filozofie /

Gespeichert in:
Bibliographische Detailangaben
1. Verfasser: Anzenbacher, Arno (Verfasst von)
Format: Buch
Sprache:Tschechisch
Veröffentlicht: Praha : Státní pedagogické nakladatelství, 1991
Ausgabe:2.vyd.
Tags: Tag hinzufügen
Keine Tags, Fügen Sie das erste Tag hinzu!

MARC

LEADER 00000nam a22000003a 4500
001 stu877
005 20150617225622.4
008 911218s1991----cs------------------cze-d
020 |a 80-04-26038-1 
040 |a STU  |b slo 
041 0 |a cze 
044 |a cs 
080 |a 1 
100 1 |a Anzenbacher, Arno  |4 aut 
245 1 |a Úvod do filozofie /  |c [aut.] Anzenbacher,Arno 
250 |a 2.vyd. 
260 |a Praha :  |b Státní pedagogické nakladatelství,  |c 1991 
300 |a 304 s 
996 |b 284EK07324  |c E*75633  |l EE01  |s A  |a 24  |w stu877_0001